Sử dụng từ trong tiếng Anh

Sách giúp bạn đọc hiểu rõ hơn những vấn đề liên quan đến từ và từ loại trong tiếng Anh.

Đã lưu trong:
書目詳細資料
主要作者: Phan, Hà
格式: 圖書
語言:Undetermined
出版: Hà Nội Giáo dục 2007
主題:
標簽: 添加標簽
沒有標簽, 成為第一個標記此記錄!
Thư viện lưu trữ: Trung tâm Học liệu Trường Đại học Cần Thơ
LEADER 00688nam a2200205Ia 4500
001 CTU_132345
008 210402s9999 xx 000 0 und d
020 |c 8000 
082 |a 425 
082 |b H100 
100 |a Phan, Hà 
245 0 |a Sử dụng từ trong tiếng Anh 
245 0 |c Phan Hà chủ biên 
260 |a Hà Nội 
260 |b Giáo dục 
260 |c 2007 
520 |a Sách giúp bạn đọc hiểu rõ hơn những vấn đề liên quan đến từ và từ loại trong tiếng Anh. 
650 |a English language,Ngôn ngữ Anh 
904 |i Trọng Hải 
980 |a Trung tâm Học liệu Trường Đại học Cần Thơ